000 00322nam a22001337a 4500
999 _c535573
_d535573
020 _a9788131726921
040 _cMSOHAIL
082 _a514
_bADA
100 _aColin Adams
_930231
245 _aIntroduction to Topology Pure and Applied
260 _bPearson Education India
_c2009
300 _a512;p
942 _2ddc
_cBK